Katherine Heigl Filmography - Statistics

General Stats
  • This quiz has been taken 57 times
    6 since last reset
  • The average score is 14 of 63
Answer Stats
Type Year Name % Correct
TV Show 2005-2010 Grey's Anatomy
100%
Film 2008 27 Dresses
83%
Film 2007 Knocked Up
83%
Film 2010 Life as We Know It
67%
Film 2009 The Ugly Truth
67%
Film 2011 New Year's Eve
50%
Film 2012 One for the Money
50%
Film 2015 Home Sweet Hell
33%
Film 2010 Killers
33%
TV Show 2018-2019 Suits
33%
Film TBA That's Amore!
33%
Film 2013 The Big Wedding
33%
Film 2014 The Nut Job
33%
Film 2000 100 Girls
17%
Film 1998 Bride of Chucky
17%
Film 1998 Bug Buster
17%
Film 2006 Caffeine
17%
TV Film 2003 Critical Assembly
17%
Film 2003 Descendant
17%
TV Show 2017 Doubt
17%
Film 2021 Fear of Rain
17%
Web Series 2021-2023 Firefly Lane
17%
Documentary Series 2012 Independent Lens
17%
Film 2014 Jackie & Ryan
17%
Film 2015 Jenny's Wedding
17%
Short Film 2011 Katherine Heigl Hates Balls
17%
Film 1993 King of the Hill
17%
TV Film 2003 Love Comes Softly
17%
TV Film 2004 Love's Enduring Promise
17%
Film 1994 My Father the Hero
17%
TV Show 2019 Our House
17%
Film 1997 Prince Valiant
17%
TV Film 2005 Romy and Michele: In the Beginning
17%
TV Show 1999-2002 Roswell
17%
Short Documentary 2015 Saved in America
17%
Documentary 2012 Shelter Me
17%
Film 2005 Side Effects
17%
Film 1997 Stand-ins
17%
TV Special 2014 Stand Up to Cancer
17%
TV Show 2014-2015 State of Affairs
17%
Film 1992 That Night
17%
Film 2017 The Nut Job 2: Nutty by Nature
17%
Film 2005 The Ringer
17%
TV Film 1998 The Tempest
17%
TV Show 2002 The Twilight Zone
17%
Film 1995 Under Siege 2: Dark Territory
17%
Film 2017 Unforgettable
17%
Film 2001 Valentine
17%
TV Film 2003 Vegas Dick
17%
TV Film 1996 Wish Upon a Star
17%
TV Mini-Series TBA Woodhull
17%
TV Film 2003 Wuthering Heights
17%
Film 2006 Zyzzyx Road
17%
TV Special 2012 AFI Life Achievement Award: A Tribute to Shirley MacLaine
0%
Commercial 2016-2017 Cat's Pride: Cat Litter
0%
TV Show 2002 Crossing Over with John Edward
0%
Documentary Series 2004 E! True Hollywood Story
0%
Music Video 2016 It's Your Move
0%
Music Video 2005 Only You
0%
TV Special 2011 The 13th Annual 'Home for the Holidays'
0%
TV Show 2005 Total Request Live
0%
Documentary 2007 Your Mommy Kills Animals!
0%
Commercial 2013 ZZZQuill
0%
No matching quizzes found
Score Distribution
Percent of People with Each Score
Percentile by Number Answered
Your Score History
You have not taken this quiz since the last reset